Statistics for A-Z Asian Geography

Click here to take the quiz!

General Stats

  • This quiz has been taken 81 times
  • The average score is 16 of 26

Answer Stats

LetterHintAnswer% Correct
GCountry with the same name as a US stateGeorgia
98%
ACapital of TurkeyAnkara
97%
JCapital of IndonesiaJakarta
97%
OMuscat is its capitalOman
97%
EAlso known as Timor-LesteEast Timor
95%
HBirthplace of Jackie ChanHong Kong
95%
QMiddle-Eastern CountryQatar
95%
RCapital of Saudi ArabiaRiyadh
91%
IMade up of Cambodia, Laos and VietnamIndochina
90%
UCapital of MongoliaUlaanbaatar
90%
DCapital of BangladeshDhaka
88%
NCapital of CyprusNicosia
88%
T2nd biggest city in IsraelTel Aviv
88%
CWorld's largest inland body of waterCaspian
84%
BCapital of AzerbaijanBaku
81%
VCapital of LaosVientiane
79%
XCapital of Shaanxi Province in ChinaXi An
71%
ZCity on the Yellow River in ChinaZhengzhou
28%
MTurkish City by the Turquoise CoastMarmaris
21%
PBirthplace of GandhiPorbandar
16%
LSea bordering India, Sri Lanka and the MaldivesLaccadive Sea
10%
FTallest seaside tower in JapanFukuoka Tower
7%
SNepali name for Mt. EverestSagarmatha
7%
WSouth Korean City East of SeoulWonju
3%
YNational Park in Sri LankaYala
3%
KBurial ground of Genghis KhanKhentii
2%

Score Distribution

Percentile by Number Answered

Percent of People with Each Score

Your Score History

You have not taken this quiz